Human Resource Management (Record no. 51)

MARC details
000 -LEADER
fixed length control field 00299nam a2200133Ia 4500
008 - FIXED-LENGTH DATA ELEMENTS--GENERAL INFORMATION
fixed length control field 191201s2009 xx 000 0 und d
082 ## - DEWEY DECIMAL CLASSIFICATION NUMBER
Classification number 658.3
Item number JYH
100 ## - MAIN ENTRY--PERSONAL NAME
Personal name JYOTHI,P
245 #0 - TITLE STATEMENT
Title Human Resource Management
260 ## - PUBLICATION, DISTRIBUTION, ETC. (IMPRINT)
Place of publication, distribution, etc N. Delhi
Name of publisher, distributor, etc Oxford
Date of publication, distribution, etc 2009
300 ## - PHYSICAL DESCRIPTION
Extent 565
650 ## - SUBJECT ADDED ENTRY--TOPICAL TERM
Topical term or geographic name as entry element BBA
942 ## - ADDED ENTRY ELEMENTS (KOHA)
Source of classification or shelving scheme Dewey Decimal Classification
Koha item type Text Books
Holdings
Withdrawn status Lost status Source of classification or shelving scheme Damaged status Not for loan Collection code Home library Current library Date acquired Source of acquisition Bill Number Total Checkouts Full call number Acc. no. / Barcode Date last seen Bill Date Koha item type Public note Cost, normal purchase price Date last borrowed Actual Cost, discounted price Checked out
    Dewey Decimal Classification     BBA PIET C-LIBRARY PIET C-LIBRARY 24/02/2014 Donated by Parul Gupta MBA Donated by Parul Gupta MBA   658.3 JYH 23001 04/12/2019 21/02/2014 Text Books Donated by Parul Gupta MBA        
    Dewey Decimal Classification     BBA PIET C-LIBRARY PIET C-LIBRARY 19/01/2015 KIRTI PRAKASHAN, NEW DELHI IN2080 1 658.3 JYH 25052 08/02/2025 12/01/2015 Text Books   495.00 13/01/2024 331.65  
    Dewey Decimal Classification     BBA PIET C-LIBRARY PIET C-LIBRARY 19/02/2015 KIRTI PRAKASHAN, NEW DELHI IN2205   658.3 JYH 25674 04/12/2019 14/02/2015 Text Books   495.00   331.65  
    Dewey Decimal Classification     BBA PIET C-LIBRARY PIET C-LIBRARY 19/02/2015 KIRTI PRAKASHAN, NEW DELHI IN2205   658.3 JYH 25675 04/12/2019 14/02/2015 Text Books   495.00   331.65  
    Dewey Decimal Classification     BBA PIET C-LIBRARY PIET C-LIBRARY 19/02/2015 KIRTI PRAKASHAN, NEW DELHI IN2205   658.3 JYH 25676 04/12/2019 14/02/2015 Text Books   495.00   331.65  
    Dewey Decimal Classification     BBA PIET C-LIBRARY PIET C-LIBRARY 19/02/2015 KIRTI PRAKASHAN, NEW DELHI IN2205 1 658.3 JYH 25677 22/01/2022 14/02/2015 Text Books . 495.00 22/01/2022 331.65 21/07/2022

Design & Developed by: PIET Central Library
R70 Miles Stone Pattikalyana Samalkha Panipat 132102
mail ID :- [email protected], Phone No:- 0180-2569700 Ex.216